Normal view MARC view

Entry Personal Name

Number of records used in: 1

001 - CONTROL NUMBER

  • control field: 34054

003 - CONTROL NUMBER IDENTIFIER

  • control field: OSt

005 - DATE AND TIME OF LATEST TRANSACTION

  • control field: 20221205163323.0

008 - FIXED-LENGTH DATA ELEMENTS

  • fixed length control field: 221205|| aca||aabn | a|a d

040 ## - CATALOGING SOURCE

  • Original cataloging agency: OSt
  • Transcribing agency: OSt

100 ## - HEADING--PERSONAL NAME

  • Personal name: Jackson, Margot I. and Schneider, Daniel

670 ## - SOURCE DATA FOUND

  • Source citation: Work cat.: (OSt)520432: Jackson, Margot I. and Schneider, Daniel , Public investments and class gaps in parents’ developmental expenditures

Powered by Koha